Aký by mal byť manažér public relations?
Využívanie nástrojov public relations slovenskými podnikateľskými subjektami. Pozícia PR manažéra. Úlohy a oddelenia public relations. Nevyhnutné vedomosti a zručnosti, ktorými by mal disponovať PR manažér. Základné predpoklady adepta na úspešného PR manažéra. PR asistent - začiatočník. PR manažér -...
Salvato in:
| Autore principale: | |
|---|---|
| Natura: | Capitolo di libro |
| Lingua: | slovacco |
| Soggetti: | |
| Tags: |
Nessun Tag, puoi essere il primo ad aggiungerne!!
|
MARC
| LEADER | 00000naa a2200000 4500 | ||
|---|---|---|---|
| 001 | r034587 | ||
| 005 | 20230929100003.8 | ||
| 041 | 0 | |a slo | |
| 044 | |a SK | ||
| 245 | 1 | 0 | |a Aký by mal byť manažér public relations? |c Michaela Benedigová |
| 520 | |a Využívanie nástrojov public relations slovenskými podnikateľskými subjektami. Pozícia PR manažéra. Úlohy a oddelenia public relations. Nevyhnutné vedomosti a zručnosti, ktorými by mal disponovať PR manažér. Základné predpoklady adepta na úspešného PR manažéra. PR asistent - začiatočník. PR manažér - výkonný pracovník. PR stratég a konzultant. | ||
| 610 | 2 | 0 | |a práca s verejnosťou |
| 610 | 2 | 0 | |a manažéri |
| 610 | 2 | 0 | |a schopnosti pracovné |
| 610 | 2 | 0 | |a komunikácia |
| 610 | 2 | 0 | |a firmy |
| 100 | 1 | |a Benedigová, Michaela | |